| 000 | 01169cam a2200325 a 4500 | ||
|---|---|---|---|
| 001 | 723997 | ||
| 003 | ARRUPE | ||
| 005 | 20161128152807.0 | ||
| 008 | 971106s1996 mw ab b 000 0 eng | ||
| 010 | _a 97980928 | ||
| 020 | _a9990816042 | ||
| 020 | _a3926105712 | ||
| 040 |
_aDLC _cDLC _dDLC |
||
| 042 | _alcode | ||
| 043 | _af-mw--- | ||
| 050 | 0 | 0 |
_aBR115.P7 _bR77 1996 |
| 082 | 0 | 0 |
_a261.7/096897 _221 |
| 100 | 1 |
_aRoss, Kenneth R. _927632 |
|
| 245 | 1 | 0 |
_aGod, people, and power in Malawi : _bdemocratization in theological perspective / _cedited by Kenneth R. Ross. |
| 260 |
_aBlantyre [Malawi] : _bChristian Literature Association in Malawi ; _c1996. |
||
| 300 |
_a272 p. : _bill., map ; _c21 cm. |
||
| 440 | 0 |
_aKachere monograph : _v1025-0964 ; _xno. 3 _927633 |
|
| 504 | _aIncludes bibliographical references (p. 269-272). | ||
| 650 | 0 |
_aChristianity and politics _zMalawi. _927634 |
|
| 650 | 0 |
_aDemocracy _xReligious aspects _xChristianity. _927635 |
|
| 651 | 0 |
_aMalawi _xChurch history. _921556 |
|
| 906 |
_a7 _bcbc _corigode _d2 _encip _f19 _gy-gencatlg |
||
| 942 |
_2lcc _cMONOGRAPH |
||
| 999 |
_c125786 _d125786 |
||